000 00579nam a2200229Ia 4500
005 20250108124953.0
008 008 250107s9999 xx 000 0 eng d
020 _a978-615-5457-72-2
037 _aTB
040 _aCRL
_beng
_cCRL
041 _aeng
_2eng
084 _aX:9 P9
084 _qCRL
100 _aTarun Vijay Au.
_9730199
245 0 _aIndia battles to win
_cTarun Vijay Au.
260 _aNew Delhi, India
_bRupa
_c2862
300 _a386p.
365 _aINR
_b350
650 _aINDIA - HISTORY
942 _cTB
_hX:9 P9
999 _c1235250
_d1235250